Statistics for Musical Acts by State

Click here to take the quiz!

General Stats

  • This quiz has been taken 18,571 times
    (5,168 since last reset)
  • The average score is 16 of 28

Answer Stats

Musical ActState% Correct
The Beach Boys | Tupac ShakurCalifornia
97%
Eminem | The SupremesMichigan
90%
Dolly Parton | Miley CyrusTennessee
87%
Nirvana | MacklemoreWashington
85%
Jay-Z | The RamonesNew York
83%
Louis Armstrong | Harry Connick Jr.Louisiana
82%
Don Ho | Israel Kamakawiwo'oleHawaii
80%
Bruce Springsteen | Jon Bon JoviNew Jersey
78%
Gloria Estefan | 'N SyncFlorida
75%
Stevie Ray Vaughan | Willie NelsonTexas
71%
John Denver | The LumineersColorado
69%
The Jackson 5 | John MellencampIndiana
68%
Prince | The ReplacementsMinnesota
64%
Ludacris | R.E.M.Georgia
61%
Kanye West | Buddy GuyIllinois
61%
Aerosmith | New Kids on the BlockMassachusetts
53%
Loretta Lynn | The JuddsKentucky
49%
Boyz II Men | Hall & OatesPennsylvania
44%
B.B. King | John Lee HookerMississippi
43%
Woody Guthrie | Carrie UnderwoodOklahoma
42%
Chuck Berry | NellyMissouri
39%
Imagine Dragons | The KillersNevada
38%
Twenty One Pilots | The Isley BrothersOhio
36%
Dave Matthews Band | Patsy ClineVirginia
33%
Iron & Wine | Hootie & the BlowfishSouth Carolina
31%
The Decemberists | The KingsmenOregon
28%
Violent Femmes | GarbageWisconsin
25%
Ben Folds | Ryan AdamsNorth Carolina
24%

Score Distribution

Percentile by Number Answered

Percent of People with Each Score

Your Score History

You have not taken this quiz since the last reset